Statistics for 1991 College Football AP Poll

Click here to take the quiz!

General Stats

  • This quiz has been taken 18 times
  • The average score is 346 of 400

Answer Stats

WeekRankTeamWLTConference% Correct
Week 11 (11/12)4Michigan81Big Ten
100%
Week 8 (10/22)4Michigan51Big Ten
100%
Week 14 (12/2)4Michigan101Big Ten
100%
Week 12 (11/19)4Michigan91Big Ten
100%
Week 2 (9/10)3Michigan10Big Ten
100%
Week 10 (11/5)4Michigan71Big Ten
100%
Week 3 (9/17)3Michigan20Big Ten
100%
Week 9 (10/29)4Michigan61Big Ten
100%
Week 13 (11/26)4Michigan101Big Ten
100%
Week 1 (9/3)2Michigan00Big Ten
100%
Preseason2Michigan00Big Ten
100%
Week 5 (10/1)7Michigan21Big Ten
100%
Postseason6Michigan102Big Ten
100%
Week 4 (9/24)3Michigan20Big Ten
100%
Week 7 (10/15)4Michigan41Big Ten
100%
Week 6 (10/8)5Michigan31Big Ten
100%
Week 6 (10/8)11Ohio State40Big Ten
100%
Week 12 (11/19)18Ohio State82Big Ten
100%
Week 1 (9/3)22Ohio State00Big Ten
100%
Week 10 (11/5)19Ohio State62Big Ten
100%
Week 11 (11/12)19Ohio State72Big Ten
100%
Week 2 (9/10)19Ohio State10Big Ten
100%
Week 7 (10/15)18Ohio State41Big Ten
100%
Week 4 (9/24)15Ohio State30Big Ten
100%
Week 9 (10/29)13Ohio State61Big Ten
100%
Week 8 (10/22)14Ohio State51Big Ten
100%
Week 3 (9/17)16Ohio State20Big Ten
100%
Week 5 (10/1)14Ohio State30Big Ten
100%
Week 13 (11/26)24Ohio State83Big Ten
100%
Preseason23Ohio State00Big Ten
100%
Week 14 (12/2)25Ohio State83Big Ten
100%
Week 12 (11/19)19Oklahoma82Big Eight
100%
Week 10 (11/5)20Oklahoma62Big Eight
100%
Week 14 (12/2)20Oklahoma83Big Eight
100%
Week 9 (10/29)20Oklahoma52Big Eight
100%
Week 13 (11/26)19Oklahoma82Big Eight
100%
Week 3 (9/17)7Oklahoma10Big Eight
100%
Week 8 (10/22)21Oklahoma42Big Eight
100%
Week 2 (9/10)9Oklahoma00Big Eight
100%
Preseason10Oklahoma00Big Eight
100%
Week 11 (11/12)18Oklahoma72Big Eight
100%
Postseason16Oklahoma93Big Eight
100%
Week 7 (10/15)12Oklahoma41Big Eight
100%
Week 5 (10/1)5Oklahoma30Big Eight
100%
Week 6 (10/8)6Oklahoma40Big Eight
100%
Week 4 (9/24)6Oklahoma20Big Eight
100%
Week 1 (9/3)9Oklahoma00Big Eight
100%
Week 5 (10/1)4Tennessee40SEC
100%
Week 11 (11/12)10Tennessee62SEC
100%
Week 2 (9/10)11Tennessee10SEC
100%
Week 10 (11/5)13Tennessee52SEC
100%
Week 4 (9/24)5Tennessee30SEC
100%
Week 6 (10/8)4Tennessee40SEC
100%
Week 9 (10/29)14Tennessee42SEC
100%
Postseason14Tennessee93SEC
100%
Week 7 (10/15)8Tennessee41SEC
100%
Week 8 (10/22)15Tennessee42SEC
100%
Preseason11Tennessee00SEC
100%
Week 3 (9/17)6Tennessee20SEC
100%
Week 14 (12/2)10Tennessee92SEC
100%
Week 13 (11/26)9Tennessee82SEC
100%
Week 1 (9/3)11Tennessee00SEC
100%
Week 12 (11/19)10Tennessee72SEC
100%
Week 1 (9/3)13Texas00Southwest
100%
Preseason14Texas00Southwest
100%
Preseason16USC00Pacific-10
100%
Week 1 (9/3)16USC00Pacific-10
100%
Week 3 (9/17)22USC11Pacific-10
100%
Week 13 (11/26)8Alabama91SEC
94%
Week 1 (9/3)20Alabama00SEC
94%
Week 14 (12/2)8Alabama101SEC
94%
Postseason5Alabama111SEC
94%
Week 12 (11/19)8Alabama91SEC
94%
Week 6 (10/8)19Alabama41SEC
94%
Week 5 (10/1)20Alabama31SEC
94%
Week 2 (9/10)16Alabama10SEC
94%
Week 9 (10/29)7Alabama61SEC
94%
Week 7 (10/15)14Alabama51SEC
94%
Preseason22Alabama00SEC
94%
Week 4 (9/24)22Alabama21SEC
94%
Week 8 (10/22)7Alabama61SEC
94%
Week 10 (11/5)8Alabama71SEC
94%
Week 11 (11/12)7Alabama81SEC
94%
Week 3 (9/17)13Auburn20SEC
94%
Week 1 (9/3)18Auburn10SEC
94%
Week 2 (9/10)15Auburn10SEC
94%
Week 6 (10/8)24Auburn32SEC
94%
Preseason17Auburn00SEC
94%
Week 4 (9/24)13Auburn30SEC
94%
Week 5 (10/1)16Auburn31SEC
94%
Week 1 (9/3)25BYU01WAC
94%
Postseason23BYU832WAC
94%
Preseason19BYU00WAC
94%
Week 11 (11/12)23BYU73WAC
94%
Postseason8California102Pacific-10
94%
Week 7 (10/15)7California50Pacific-10
94%
Week 6 (10/8)13California40Pacific-10
94%
Week 4 (9/24)20California30Pacific-10
94%
Week 11 (11/12)6California81Pacific-10
94%
Week 14 (12/2)14California92Pacific-10
94%
Week 3 (9/17)24California20Pacific-10
94%
Week 13 (11/26)14California92Pacific-10
94%
Week 10 (11/5)7California71Pacific-10
94%
Week 12 (11/19)6California91Pacific-10
94%
Week 9 (10/29)10California61Pacific-10
94%
Week 8 (10/22)10California51Pacific-10
94%
Week 5 (10/1)18California30Pacific-10
94%
Week 5 (10/1)13Florida31SEC
94%
Postseason7Florida102SEC
94%
Week 10 (11/5)6Florida71SEC
94%
Week 6 (10/8)10Florida41SEC
94%
Week 12 (11/19)5Florida91SEC
94%
Preseason5Florida00SEC
94%
Week 3 (9/17)5Florida20SEC
94%
Week 13 (11/26)5Florida91SEC
94%
Week 1 (9/3)6Florida00SEC
94%
Week 14 (12/2)3Florida101SEC
94%
Week 4 (9/24)14Florida21SEC
94%
Week 8 (10/22)6Florida61SEC
94%
Week 9 (10/29)6Florida61SEC
94%
Week 7 (10/15)6Florida51SEC
94%
Week 11 (11/12)5Florida81SEC
94%
Week 2 (9/10)6Florida10SEC
94%
Week 6 (10/8)1Florida State50Independent
94%
Week 14 (12/2)5Florida State102Independent
94%
Week 7 (10/15)1Florida State60Independent
94%
Week 13 (11/26)3Florida State101Independent
94%
Postseason4Florida State112Independent
94%
Week 9 (10/29)1Florida State80Independent
94%
Week 11 (11/12)1Florida State100Independent
94%
Week 10 (11/5)1Florida State90Independent
94%
Week 12 (11/19)3Florida State101Independent
94%
Preseason1Florida State00Independent
94%
Week 8 (10/22)1Florida State70Independent
94%
Week 3 (9/17)1Florida State30Independent
94%
Week 4 (9/24)1Florida State30Independent
94%
Week 1 (9/3)1Florida State10Independent
94%
Week 2 (9/10)1Florida State20Independent
94%
Week 5 (10/1)1Florida State40Independent
94%
Week 12 (11/19)24Georgia73SEC
94%
Week 9 (10/29)22Georgia62SEC
94%
Week 14 (12/2)24Georgia83SEC
94%
Week 6 (10/8)22Georgia41SEC
94%
Week 8 (10/22)24Georgia52SEC
94%
Week 10 (11/5)23Georgia62SEC
94%
Postseason17Georgia93SEC
94%
Week 13 (11/26)25Georgia73SEC
94%
Week 3 (9/17)25Georgia20SEC
94%
Week 7 (10/15)17Georgia51SEC
94%
Postseason15Nebraska921Big Eight
94%
Week 4 (9/24)16Nebraska21Big Eight
94%
Preseason15Nebraska00Big Eight
94%
Week 8 (10/22)9Nebraska51Big Eight
94%
Week 7 (10/15)9Nebraska41Big Eight
94%
Week 9 (10/29)9Nebraska61Big Eight
94%
Week 6 (10/8)14Nebraska31Big Eight
94%
Week 3 (9/17)9Nebraska20Big Eight
94%
Week 13 (11/26)11Nebraska811Big Eight
94%
Week 12 (11/19)11Nebraska811Big Eight
94%
Week 10 (11/5)11Nebraska611Big Eight
94%
Week 5 (10/1)15Nebraska31Big Eight
94%
Week 11 (11/12)11Nebraska711Big Eight
94%
Week 2 (9/10)13Nebraska10Big Eight
94%
Week 14 (12/2)11Nebraska911Big Eight
94%
Week 1 (9/3)14Nebraska00Big Eight
94%
Week 7 (10/15)5Notre Dame51Independent
94%
Week 2 (9/10)7Notre Dame10Independent
94%
Week 1 (9/3)7Notre Dame00Independent
94%
Week 11 (11/12)12Notre Dame82Independent
94%
Week 5 (10/1)8Notre Dame31Independent
94%
Preseason6Notre Dame00Independent
94%
Week 6 (10/8)7Notre Dame41Independent
94%
Week 4 (9/24)8Notre Dame21Independent
94%
Week 8 (10/22)5Notre Dame61Independent
94%
Week 10 (11/5)5Notre Dame81Independent
94%
Week 13 (11/26)18Notre Dame83Independent
94%
Postseason13Notre Dame103Independent
94%
Week 12 (11/19)17Notre Dame83Independent
94%
Week 14 (12/2)18Notre Dame93Independent
94%
Week 9 (10/29)5Notre Dame71Independent
94%
Week 3 (9/17)11Notre Dame11Independent
94%
Week 2 (9/10)5Penn State20Independent
94%
Week 9 (10/29)8Penn State72Independent
94%
Week 11 (11/12)8Penn State82Independent
94%
Week 8 (10/22)8Penn State62Independent
94%
Preseason7Penn State00Independent
94%
Week 1 (9/3)5Penn State10Independent
94%
Week 12 (11/19)7Penn State92Independent
94%
Week 3 (9/17)12Penn State21Independent
94%
Week 10 (11/5)9Penn State72Independent
94%
Postseason3Penn State112Independent
94%
Week 13 (11/26)6Penn State92Independent
94%
Week 7 (10/15)10Penn State52Independent
94%
Week 6 (10/8)9Penn State51Independent
94%
Week 14 (12/2)6Penn State102Independent
94%
Week 5 (10/1)12Penn State41Independent
94%
Week 4 (9/24)10Penn State31Independent
94%
Week 12 (11/19)21Stanford73Pacific-10
94%
Postseason22Stanford84Pacific-10
94%
Week 13 (11/26)17Stanford83Pacific-10
94%
Week 14 (12/2)17Stanford83Pacific-10
94%
Week 11 (11/12)22Stanford63Pacific-10
94%
Week 2 (9/10)21UCLA10Pacific-10
94%
Week 14 (12/2)22UCLA83Pacific-10
94%
Week 1 (9/3)23UCLA00Pacific-10
94%
Week 12 (11/19)25UCLA73Pacific-10
94%
Week 5 (10/1)24UCLA21Pacific-10
94%
Week 9 (10/29)23UCLA52Pacific-10
94%
Postseason19UCLA93Pacific-10
94%
Week 10 (11/5)22UCLA62Pacific-10
94%
Week 13 (11/26)23UCLA83Pacific-10
94%
Preseason24UCLA00Pacific-10
94%
Week 4 (9/24)4Washington20Pacific-10
94%
Postseason2Washington120Pacific-10
94%
Week 10 (11/5)2Washington80Pacific-10
94%
Week 13 (11/26)2Washington110Pacific-10
94%
Week 9 (10/29)3Washington70Pacific-10
94%
Week 3 (9/17)4Washington10Pacific-10
94%
Week 6 (10/8)3Washington40Pacific-10
94%
Week 12 (11/19)2Washington100Pacific-10
94%
Preseason4Washington00Pacific-10
94%
Week 1 (9/3)4Washington00Pacific-10
94%
Week 2 (9/10)4Washington10Pacific-10
94%
Week 7 (10/15)3Washington50Pacific-10
94%
Week 11 (11/12)3Washington90Pacific-10
94%
Week 8 (10/22)3Washington60Pacific-10
94%
Week 5 (10/1)3Washington30Pacific-10
94%
Week 14 (12/2)2Washington110Pacific-10
94%
Week 5 (10/1)25Colorado22Big Eight
88%
Week 10 (11/5)14Colorado521Big Eight
88%
Week 14 (12/2)15Colorado821Big Eight
88%
Week 2 (9/10)12Colorado10Big Eight
88%
Week 1 (9/3)12Colorado00Big Eight
88%
Preseason13Colorado00Big Eight
88%
Week 11 (11/12)16Colorado621Big Eight
88%
Week 9 (10/29)15Colorado52Big Eight
88%
Week 3 (9/17)19Colorado11Big Eight
88%
Week 7 (10/15)22Colorado32Big Eight
88%
Week 8 (10/22)16Colorado42Big Eight
88%
Postseason20Colorado831Big Eight
88%
Week 4 (9/24)17Colorado21Big Eight
88%
Week 12 (11/19)15Colorado721Big Eight
88%
Week 13 (11/26)15Colorado821Big Eight
88%
Week 6 (10/8)25Colorado22Big Eight
88%
Postseason1Miami120Big East
88%
Week 5 (10/1)2Miami30Big East
88%
Week 14 (12/2)1Miami110Big East
88%
Week 12 (11/19)1Miami90Big East
88%
Week 8 (10/22)2Miami60Big East
88%
Week 7 (10/15)2Miami50Big East
88%
Week 13 (11/26)1Miami100Big East
88%
Week 2 (9/10)2Miami10Big East
88%
Week 6 (10/8)2Miami40Big East
88%
Week 11 (11/12)2Miami80Big East
88%
Week 1 (9/3)3Miami10Big East
88%
Week 9 (10/29)2Miami70Big East
88%
Week 10 (11/5)2Miami70Big East
88%
Week 3 (9/17)2Miami20Big East
88%
Week 4 (9/24)2Miami20Big East
88%
Preseason3Miami00Big East
88%
Week 2 (9/10)25Mississippi State20SEC
88%
Week 4 (9/24)21Mississippi State31SEC
88%
Week 3 (9/17)23Mississippi State30SEC
88%
Week 6 (10/8)23Ole Miss51SEC
88%
Week 4 (9/24)24Arizona State20Pacific-10
82%
Week 7 (10/15)25Arizona State41Pacific-10
82%
Week 7 (10/15)21Clemson311ACC
82%
Week 4 (9/24)7Clemson20ACC
82%
Week 1 (9/3)8Clemson00ACC
82%
Week 11 (11/12)15Clemson611ACC
82%
Week 5 (10/1)6Clemson30ACC
82%
Preseason9Clemson00ACC
82%
Week 14 (12/2)13Clemson911ACC
82%
Week 10 (11/5)15Clemson511ACC
82%
Postseason18Clemson921ACC
82%
Week 13 (11/26)13Clemson811ACC
82%
Week 9 (10/29)16Clemson411ACC
82%
Week 12 (11/19)14Clemson711ACC
82%
Week 6 (10/8)18Clemson31ACC
82%
Week 2 (9/10)8Clemson10ACC
82%
Week 3 (9/17)8Clemson10ACC
82%
Week 8 (10/22)19Clemson311ACC
82%
Preseason8Georgia Tech00ACC
82%
Week 3 (9/17)17Georgia Tech11ACC
82%
Week 1 (9/3)17Georgia Tech01ACC
82%
Week 2 (9/10)17Georgia Tech01ACC
82%
Week 5 (10/1)21Georgia Tech22ACC
82%
Week 4 (9/24)19Georgia Tech21ACC
82%
Week 13 (11/26)7Iowa101Big Ten
82%
Week 1 (9/3)15Iowa00Big Ten
82%
Week 12 (11/19)9Iowa91Big Ten
82%
Preseason18Iowa00Big Ten
82%
Week 9 (10/29)11Iowa61Big Ten
82%
Week 14 (12/2)7Iowa101Big Ten
82%
Week 4 (9/24)9Iowa20Big Ten
82%
Week 11 (11/12)9Iowa81Big Ten
82%
Week 2 (9/10)14Iowa10Big Ten
82%
Week 5 (10/1)9Iowa30Big Ten
82%
Week 8 (10/22)11Iowa51Big Ten
82%
Week 7 (10/15)15Iowa41Big Ten
82%
Postseason10Iowa1011Big Ten
82%
Week 3 (9/17)10Iowa20Big Ten
82%
Week 10 (11/5)10Iowa71Big Ten
82%
Week 6 (10/8)17Iowa31Big Ten
82%
Week 8 (10/22)13Texas A&M41Southwest
82%
Week 7 (10/15)19Texas A&M31Southwest
82%
Week 11 (11/12)13Texas A&M71Southwest
82%
Week 6 (10/8)21Texas A&M31Southwest
82%
Week 14 (12/2)9Texas A&M101Southwest
82%
Preseason21Texas A&M00Southwest
82%
Week 5 (10/1)23Texas A&M21Southwest
82%
Week 13 (11/26)10Texas A&M91Southwest
82%
Week 3 (9/17)15Texas A&M10Southwest
82%
Postseason12Texas A&M102Southwest
82%
Week 12 (11/19)12Texas A&M81Southwest
82%
Week 1 (9/3)21Texas A&M00Southwest
82%
Week 9 (10/29)12Texas A&M51Southwest
82%
Week 2 (9/10)20Texas A&M00Southwest
82%
Week 10 (11/5)12Texas A&M61Southwest
82%
Week 11 (11/12)21Virginia721ACC
82%
Week 12 (11/19)20Virginia721ACC
82%
Week 14 (12/2)19Virginia821ACC
82%
Week 10 (11/5)24Virginia621ACC
82%
Week 13 (11/26)20Virginia821ACC
82%
Week 8 (10/22)25Arkansas52Southwest
76%
Week 9 (10/29)24Arkansas52Southwest
76%
Week 11 (11/12)20Baylor72Southwest
76%
Week 5 (10/1)11Baylor40Southwest
76%
Week 10 (11/5)21Baylor72Southwest
76%
Week 4 (9/24)12Baylor30Southwest
76%
Week 6 (10/8)8Baylor50Southwest
76%
Week 2 (9/10)23Baylor10Southwest
76%
Week 9 (10/29)21Baylor62Southwest
76%
Week 7 (10/15)16Baylor51Southwest
76%
Week 8 (10/22)22Baylor52Southwest
76%
Week 3 (9/17)14Baylor20Southwest
76%
Preseason20Michigan State00Big Ten
76%
Week 1 (9/3)19Michigan State00Big Ten
76%
Week 2 (9/10)18Michigan State00Big Ten
76%
Week 3 (9/17)20Pittsburgh30Big East
76%
Week 8 (10/22)23Pittsburgh52Big East
76%
Week 7 (10/15)20Pittsburgh51Big East
76%
Week 6 (10/8)12Pittsburgh50Big East
76%
Week 4 (9/24)18Pittsburgh30Big East
76%
Week 5 (10/1)17Pittsburgh40Big East
76%
Week 2 (9/10)24Pittsburgh20Big East
76%
Week 6 (10/8)20Illinois31Big Ten
71%
Week 4 (9/24)25Illinois21Big Ten
71%
Week 8 (10/22)17Illinois42Big Ten
71%
Week 11 (11/12)25Illinois63Big Ten
71%
Week 7 (10/15)13Illinois41Big Ten
71%
Week 5 (10/1)22Illinois21Big Ten
71%
Week 5 (10/1)19NC State40ACC
71%
Postseason24NC State93ACC
71%
Week 14 (12/2)21NC State92ACC
71%
Week 6 (10/8)16NC State50ACC
71%
Week 7 (10/15)11NC State50ACC
71%
Week 12 (11/19)22NC State82ACC
71%
Week 8 (10/22)12NC State60ACC
71%
Week 9 (10/29)19NC State61ACC
71%
Week 13 (11/26)21NC State92ACC
71%
Week 11 (11/12)24NC State72ACC
71%
Week 10 (11/5)18NC State71ACC
71%
Postseason11Syracuse102Big East
71%
Week 5 (10/1)10Syracuse40Big East
71%
Week 14 (12/2)16Syracuse92Big East
71%
Week 1 (9/3)24Syracuse00Big East
71%
Week 6 (10/8)15Syracuse41Big East
71%
Week 4 (9/24)10Syracuse30Big East
71%
Week 7 (10/15)24Syracuse42Big East
71%
Week 3 (9/17)18Syracuse20Big East
71%
Week 8 (10/22)18Syracuse52Big East
71%
Week 9 (10/29)18Syracuse62Big East
71%
Week 2 (9/10)22Syracuse10Big East
71%
Week 11 (11/12)17Syracuse72Big East
71%
Week 10 (11/5)17Syracuse72Big East
71%
Week 13 (11/26)16Syracuse92Big East
71%
Preseason25Syracuse00Big East
71%
Week 12 (11/19)16Syracuse82Big East
71%
Week 10 (11/5)25Indiana521Big Ten
65%
Week 4 (9/24)23North Carolina20ACC
65%
Postseason25Air Force103WAC
53%
Week 1 (9/3)10Houston10Southwest
53%
Preseason12Houston00Southwest
53%
Week 2 (9/10)10Houston10Southwest
53%
Week 3 (9/17)21Houston11Southwest
53%
Week 9 (10/29)25Fresno State70Big West
29%
Week 7 (10/15)23East Carolina51Independent
12%
Week 13 (11/26)12East Carolina101Independent
12%
Week 12 (11/19)13East Carolina91Independent
12%
Week 8 (10/22)20East Carolina51Independent
12%
Week 10 (11/5)16East Carolina71Independent
12%
Postseason9East Carolina111Independent
12%
Week 14 (12/2)12East Carolina101Independent
12%
Week 11 (11/12)14East Carolina81Independent
12%
Week 9 (10/29)17East Carolina61Independent
12%
Week 14 (12/2)23Tulsa92Independent
12%
Week 12 (11/19)23Tulsa72Independent
12%
Postseason21Tulsa102Independent
12%
Week 13 (11/26)22Tulsa82Independent
12%

Score Distribution

Percentile by Number Answered

Percent of People with Each Score

Your Score History

You have not taken this quiz